Algarve Municipalities Quiz Stats

 Plays Quiz not verified by Sporcle

Challenge
Share
Tweet
Embed
Score 0/16 Timer 04:00
0 Plays Today
Area (Km2) Municipality % Correct
140.6Albufeira
90.9%
182.1Portimão
90.9%
201.6Faro
88.6%
212.8Lagos
79.5%
764.2Loulé
75%
607.0Tavira
75%
130.9Olhão
72.7%
680.0Silves
68.2%
Area (Km2) Municipality % Correct
60.9Vila Real de Santo António
65.9%
88.3Lagoa
61.4%
395.3Monchique
52.3%
179.0Vila do Bispo
51.2%
323.5Aljezur
45.5%
153.4São Brás de Alportel
40.9%
300.9Castro Marim
34.1%
575.3Alcoutim
31.8%

You're not logged in!

Compare scores with friends on all Sporcle quizzes.
OR
Log In

You Might Also Like...

Show Comments

Extras

Top Quizzes Today


Score Distribution

Your Account Isn't Verified!

In order to create a playlist on Sporcle, you need to verify the email address you used during registration. Go to your Sporcle Settings to finish the process.

Report this User

Report this user for behavior that violates our Community Guidelines.

Details: